Žárovzdorné tepelně izolační materiály /

Gespeichert in:
Bibliographische Detailangaben
Hauptverfasser: Kutzendörfer, Jaroslav (Verfasst von), Máša, Zdeněk (Verfasst von)
Format: Buch
Sprache:Tschechisch
Veröffentlicht: Praha : Informatorium, 1991
Tags: Tag hinzufügen
Keine Tags, Fügen Sie das erste Tag hinzu!

MARC

LEADER 00000nam a22000003a 4500
001 stu18015
005 20150617225754.9
008 911028s1991----cs------------------cze-d
020 |a 80-85427-02-8 
040 |a STU  |b slo 
041 0 |a cze 
044 |a cs 
080 |a 536.24 
100 1 |a Kutzendörfer, Jaroslav  |4 aut 
245 1 |a Žárovzdorné tepelně izolační materiály /  |c [aut.]Kutzendörfer,Jaroslav, Máša,Zdeněk 
260 |a Praha :  |b Informatorium,  |c 1991 
300 |a 268 s :  |b Obr.,tab.,grafy,lit.,index 
700 1 |a Máša, Zdeněk  |4 aut 
996 |b C88641  |c C*88641  |l CCXXIII  |s P  |a 0  |w stu18015_0001